000 01367nam a2200409 i 4500
001 37244
003 KOSZ 005
005 20240405063118.0
008 980417s1997 pl g 001 0 pol
015 _aPB 1998/4360
020 _a8390456834
040 _aWA N
_cWA N
_dKOSZ 005/RW
080 _a94(438).081
080 _a323
080 _a327
100 1 _aSowa, Andrzej Leon
_d(1946- )
_eAutor
245 1 0 _aU progu wojny :
_bz dziejów spraw wewnętrznych i polityki zagranicznej II Rzeczypospolitej /
_cAndrzej Leon Sowa.
260 _aKraków :
_bTowarzystwo Sympatyków Historii,
_c1997.
300 _a318 stron ;
_c21 cm.
336 _aTekst
_btxt
_2rdacontent
337 _aBez urządzenia pośredniczącego
_bn
_2rdamedia
338 _aWolumin
_bnc
_2rdacarrier
380 _aKsiążki.
380 _aPublikacje naukowe
504 _aBibliografia na stronach 303-314. Indeks.
650 4 _aSpołeczeństwo
658 _aHistoria
648 4 _a1901-2000
651 4 _aPolska
650 4 _aGospodarka
655 4 _aMonografia
650 4 _aPolityka
648 4 _a1918-1939
710 2 _aTowarzystwo Sympatyków Histori (Kraków)
_4pbl.
856 _uhttp://koha.tu.koszalin.pl/cgi-bin/koha/opac-detail.pl?biblionumber=37244
_yKatalog online BPK
942 _2UKD
_cKS
999 _c37244
_d37244